Η γυναίκα θύμα συντροφικής κακοποίησης και οι δομές υποστήριξης στο Νομό Θεσσαλονίκης : διπλωματική εργασία [μεταπτυχιακή εργασία]

Αποθηκεύτηκε σε:
Λεπτομέρειες βιβλιογραφικής εγγραφής
Κύριος συγγραφέας: Κλουφά, Καλλιόπη
Συγγραφή απο Οργανισμό/Αρχή: Πανεπιστήμιο Αιγαίου Σχολή Ανθρωπιστικών Επιστημών Τμήμα Επιστημών της Προσχολικής Αγωγής και του Εκπαιδευτικού Σχεδιασμού Πρόγραμμα Μεταπτυχιακών Σπουδών Φύλο και Νέα Εκπαιδευτικά και Εργασιακά Περιβάλλοντα στην Κοινωνία της Πληροφορίας
Άλλοι συγγραφείς: Θεμελή, Όλγα (Εισηγητής διατριβής)
Μορφή: Thesis Βιβλίο
Γλώσσα:Greek
Δημοσίευση: 2014
Θέματα:
Διαθέσιμο Online:http://hdl.handle.net/11610/14002
Ετικέτες: Προσθήκη ετικέτας
Δεν υπάρχουν, Καταχωρήστε ετικέτα πρώτοι!

MARC

LEADER 00000cam a2200000 i 4500
001 1/58861
008 141103s2014 gre d
035 |l 10119597 
040 |a GR-MY-UA  |b gre  |e aacr 
041 0 |a gre 
082 0 |a 362.8292  |2 (22) 
100 1 |a Κλουφά, Καλλιόπη. 
245 1 2 |a Η γυναίκα θύμα συντροφικής κακοποίησης και οι δομές υποστήριξης στο Νομό Θεσσαλονίκης :  |b διπλωματική εργασία [μεταπτυχιακή εργασία] /  |c Κλουφά Καλλιόπη ; επιβλέπουσα: Θεμελή Όλγα 
260 |c 2014 
300 |a 103 σ.;  |c 30 εκ. 
500 |a Μέλη εξεταστικής επιτροπής: Πολεμικός Νικήτας, Γκασούκα Μαρία 
502 |a Διατριβή (μεταπτυχιακή) – Πανεπιστήμιο Αιγαίου, Ρόδος, 2014. 
504 |a Βιβλιογραφία: σ. 86-100 
650 0 0 |a Abused women. 
650 0 0 |a Women  |x Violence against. 
650 0 0 |a Women  |x Crimes against. 
650 0 0 |a Family violence. 
650 0 0 |a Dissertations, Academic  |z Greece. 
700 0 |a Θεμελή, Όλγα.  |4 ths 
710 1 |a Πανεπιστήμιο Αιγαίου   |b Σχολή Ανθρωπιστικών Επιστημών   |b Τμήμα Επιστημών της Προσχολικής Αγωγής και του Εκπαιδευτικού Σχεδιασμού   |b Πρόγραμμα Μεταπτυχιακών Σπουδών Φύλο και Νέα Εκπαιδευτικά και Εργασιακά Περιβάλλοντα στην Κοινωνία της Πληροφορίας. 
852 |a INST  |b RHODES  |c DIATR  |e 20141103  |h 362.8292 ΚΛΟ  |p 005400037199  |q 005400037199  |t MTXE  |y 23 
852 |a INST  |b RHODES  |c DIATR  |e 20141103  |h 362.8292 ΚΛΟ  |p 005400037200  |q 005400037200  |t MTXE  |y 23 
856 |u http://hdl.handle.net/11610/14002 
901 |a BIBL4-2014-3 
909 |a Ρ  |b 183519 
909 |a Ρ  |b 183520 
924 |a ΚΛΟΥΦΑ  |b ΚΑΛΛΙΟΠΗ  |y ΡΟΔΟΣ  |z 2014-06 
970 |z 2014/11/03